Текст томруулах:    
Human relations in organizations (Бичлэгийн дугаар. 146097)
000 -УДИРДЛАГА
Удирдлага 01834 a2200481 4500
003 - ХЯНАЛТЫН ТОО ТОДОРХОЙЛОГЧ
Код MN-UlNUM
005 - БИЧИЛТ ХИЙСЭН ОГНОО
Тухайн бичилтийг бичсэн засварласан сүүлийн огноо 20260106132055.0
008 - ЕРӨНХИЙ МЭДЭЭЛЭЛ
Ерөнхий мэдээлэл 110605s2008 maua 001 0 eng
020 ## - ISBN
ISBN 9780073210551
-- 0073210552
040 ## - БИЧЛЭГ ҮҮСГЭГЧ БАЙГУУЛЛАГА
Бичлэг үүсгэгч номын сангийн код МУИС-ийн номын сан
084 ## - ББК АНГИЛАЛ
Нэмэлт тусгалт Нэг сэдэвт бүтээл
ББК ангилал 65.290-2
Зохиогчийн гурван тэмдэгт L 96
Мэдлэгийн ялгаа 65 - Эдийн засаг
100 1# - ЗОХИОГЧ
Зохиогчийн нэр Lussier, Robert N.
245 10 - ҮНДСЭН ГАРЧИГ
Номын нэр Human relations in organizations
Бага гарчгийн мэдээ Applications and skill building
Оролцогчдын тухай мэдээ Robert N. Lussier
250 ## - ДАХИН ХЭВЛЭЛТ
Дахин гаралтын дугаар 7th ed.
260 ## - ГАРАЛТЫН МЭДЭЭ
Хэвлэгдсэн газар Boston, MA.
Хэвлэлийн газар McGraw-Hill/Irwin
Хэвлэгдсэн он 2008
300 ## - МАТЕРИАЛЫН ТОДОРХОЙЛОЛТ
хуудасны тоо xx, 678 p.
Бусад тоон мэдээлэл ill.
Хэмжээ 28 cm
500 ## - Тайлбар
Дансны дугаар БС 6061
546 ## - ХЭЛНИЙ ТУХАЙ МЭДЭЭ
Хэл Англи хэл дээр,
653 ## - Түлхүүр үг
Түлхүүр үг organizational behavior
653 ## - Түлхүүр үг
Түлхүүр үг interpersonal relations
740 ## - НОМЫН ГАРЧИГ
Гарчиг Intrapersonal skills: Behavior, human relations, and performance Begin with you
740 ## - НОМЫН ГАРЧИГ
Гарчиг Understanding Behavior, Human Relations, and Performance
740 ## - НОМЫН ГАРЧИГ
Гарчиг Personality, Learning, and Perception
740 ## - НОМЫН ГАРЧИГ
Гарчиг Attitudes, Self-Concept, Values, and Ethics
740 ## - НОМЫН ГАРЧИГ
Гарчиг Time and Career Management
740 ## - НОМЫН ГАРЧИГ
Гарчиг Interpersonal skills: The foundation of human relations
740 ## - НОМЫН ГАРЧИГ
Гарчиг Interpersonal Communication
740 ## - НОМЫН ГАРЧИГ
Гарчиг Organizational Structure and Communication
740 ## - НОМЫН ГАРЧИГ
Гарчиг Dealing with Conflict
740 ## - НОМЫН ГАРЧИГ
Гарчиг Leadership skills: Influencing others
740 ## - НОМЫН ГАРЧИГ
Гарчиг Leading and Trust
740 ## - НОМЫН ГАРЧИГ
Гарчиг Motivating Performance
740 ## - НОМЫН ГАРЧИГ
Гарчиг Ethical Power and Politics
740 ## - НОМЫН ГАРЧИГ
Гарчиг Networking and Negotiating
740 ## - НОМЫН ГАРЧИГ
Гарчиг Leadership skills: Team and organizational behavior, human relations, and performance
740 ## - НОМЫН ГАРЧИГ
Гарчиг Team Dynamics and Leadership
740 ## - НОМЫН ГАРЧИГ
Гарчиг Teams and Creative Problem Solving and Decision Making
740 ## - НОМЫН ГАРЧИГ
Гарчиг Organizational Change and Culture
740 ## - НОМЫН ГАРЧИГ
Гарчиг Valuing Diversity Globally
942 ## - ЭЛЕМЕНТИЙН ТӨРӨЛ
Зүйлийн төрөл Ном